[Event "C.to Italiano U12 femminile"]
[Site "Cortina d'Ampezzo ITA"]
[Date "2002.07.05"]
[Round "5"]
[White "Chierici, Marianna"]
[Black "Greco, Sara"]
[Result "1-0"]
[WhiteElo "1438"]
[BlackElo "1600"]
[PlyCount "75"]
[EventDate "2002.07.02"]

1. e4 e5 2. Nf3 Nc6 3. Bc4 Nf6 4. Nc3 Bc5 5. h3 d6 6. d3 h6 7. O-O O-O 8. Na4
Bd4 9. c3 Bb6 10. Nxb6 axb6 11. Bb3 d5 12. exd5 Nxd5 13. Re1 Re8 14. Bc2 Bf5
15. Bd2 Qf6 16. Re2 Bxh3 17. d4 Bg4 18. Be4 Nf4 19. Bxf4 Qxf4 20. d5 Ne7 21.
Qd2 Qf6 22. Ree1 Nf5 23. Nh2 Qg6 24. Qd3 Bh3 25. Qxh3 Qg5 26. Qxf5 Qh4 27. Bd3
g6 28. Nf3 Qe7 29. Qh3 h5 30. Rxe5 Qf6 31. Rxe8+ Rxe8 32. Re1 Rd8 33. Qh4 Qd6
34. Qe7 Qxd5 35. Ng5 f6 36. Nh7 Qxd3 37. Nxf6+ Kh8 38. Qh7# 1-0

[Event "C.to Italiano U12 femminile"]
[Site "Cortina d'Ampezzo ITA"]
[Date "2002.07.05"]
[Round "5"]
[White "Scharrer, Isabel"]
[Black "Di Cerbo, Giulia"]
[Result "1/2-1/2"]
[WhiteElo "1462"]
[BlackElo "1500"]
[PlyCount "90"]
[EventDate "2002.07.02"]

1. d4 g6 2. c4 Bg7 3. Nc3 d6 4. e4 Nf6 5. f3 Nbd7 6. Be3 O-O 7. Qd2 e5 8. d5
Ne8 9. Bg5 f6 10. Bh6 f5 11. Bxg7 Nxg7 12. O-O-O a5 13. Bd3 Nc5 14. Bc2 Bd7 15.
Nge2 Qe8 16. Kb1 b5 17. cxb5 Bxb5 18. h4 Na4 19. Nxb5 Qxb5 20. Bxa4 Qxa4 21.
Nc3 Qb4 22. Rhe1 Rab8 23. Re2 Rb7 24. a3 Qxa3 25. Kc1 Qa1+ 26. Nb1 Rb5 27. Qd3
Rc5+ 28. Rc2 Rb8 29. Qa3 Rxc2+ 30. Kxc2 Qxa3 31. bxa3 Nh5 32. Nc3 Nf4 33. g3
Ng2 34. Rg1 Ne3+ 35. Kd3 f4 36. gxf4 exf4 37. h5 Kf7 38. hxg6+ hxg6 39. Rh1 Kf6
40. Rh7 Rc8 41. Nb5 Rb8 42. a4 Nd1 43. Kc4 Nb2+ 44. Kb3 Nd3 45. Rxc7 Ne1
1/2-1/2

[Event "C.to Italiano U12 femminile"]
[Site "Cortina d'Ampezzo ITA"]
[Date "2002.07.06"]
[Round "7"]
[White "Brunello, Roberta"]
[Black "Scharrer, Isabel"]
[Result "0-1"]
[WhiteElo "1500"]
[BlackElo "1462"]
[PlyCount "94"]
[EventDate "2002.07.02"]

1. e4 c5 2. Nf3 d6 3. d4 cxd4 4. Nxd4 Nc6 5. Be3 Nf6 6. Nc3 g6 7. Be2 Bg7 8.
Qd2 Bd7 9. h3 O-O 10. O-O Rc8 11. Rfd1 Ne8 12. Rac1 f5 13. Nd5 fxe4 14. c3 e6
15. Nf4 e5 16. Nde6 Qe7 17. Nxf8 exf4 18. Bxf4 Bxf8 19. c4 Bf5 20. a3 a6 21. b4
Ne5 22. Qd4 Nc6 23. Qd5+ Kh8 24. c5 dxc5 25. Bc4 Nf6 26. Qxc5 Qxc5 27. bxc5
Bxc5 28. Bd5 Bxa3 29. Rb1 Nxd5 30. Rxd5 b5 31. Bd6 Bxd6 32. Rxd6 e3 33. Ra1
exf2+ 34. Kxf2 a5 35. Ke2 Be4 36. g3 Bg2 37. h4 a4 38. Rd7 Re8+ 39. Kf2 Bh3 40.
Rc7 Nd4 41. Ra2 b4 42. Rc4 Be6 43. Rxd4 Bxa2 44. Rxb4 Bb3 45. Kf3 Ra8 46. Kg2
a3 47. Rf4 a2 0-1

[Event "C.to Italiano U12 femminile"]
[Site "Cortina d'Ampezzo ITA"]
[Date "2002.07.06"]
[Round "7"]
[White "Di Cerbo, Giulia"]
[Black "Chierici, Marianna"]
[Result "0-1"]
[WhiteElo "1500"]
[BlackElo "1438"]
[PlyCount "76"]
[EventDate "2002.07.02"]

1. d4 d5 2. Bf4 Nc6 3. Nf3 Nf6 4. e3 Bg4 5. h3 Bh5 6. g4 Bg6 7. Bd3 Be4 8. Nc3
Bxd3 9. Qxd3 a6 10. Ne5 Nxe5 11. dxe5 Ng8 12. Qxd5 c6 13. Qb3 b5 14. Rd1 Qc8
15. Ne4 a5 16. Ng5 e6 17. Ne4 a4 18. Qd3 a3 19. Nd6+ Bxd6 20. exd6 Qd7 21. bxa3
Nf6 22. g5 Nd5 23. Bg3 f6 24. e4 Nb6 25. gxf6 gxf6 26. Qd4 Nc8 27. Qxf6 Rf8 28.
Qc3 Nb6 29. Rg1 Nc4 30. Bh4 Rxa3 31. Qb4 Rf4 32. Rg8+ Kf7 33. Rg4 Rff3 34. Rg3
Rxg3 35. fxg3 Re3+ 36. Kf2 Qa7 37. Kg2 Re2+ 38. Kh1 Qf2 0-1

[Event "C.to Italiano U12 femminile"]
[Site "Cortina d'Ampezzo ITA"]
[Date "2002.07.07"]
[Round "8"]
[White "Kofler, Melanie"]
[Black "Chierici, Marianna"]
[Result "0-1"]
[WhiteElo "1500"]
[BlackElo "1438"]
[PlyCount "96"]
[EventDate "2002.07.02"]

1. e4 e5 2. Nf3 d6 3. h3 Nf6 4. Nc3 Be6 5. Be2 Be7 6. d3 Nc6 7. Be3 Qd7 8. Qd2
Nb4 9. d4 exd4 10. Bxd4 Nc6 11. Be3 Na5 12. Nd5 Nc6 13. Bb5 Nxe4 14. Qd3 Nf6
15. Nxe7 Qxe7 16. Bxc6+ bxc6 17. Qa6 c5 18. Qc6+ Bd7 19. Qxa8+ Qd8 20. Qxd8+
Kxd8 21. O-O h6 22. Rfe1 g5 23. b4 g4 24. hxg4 Bxg4 25. Nh2 Be6 26. Rad1 Kc8
27. bxc5 d5 28. Bd4 Rg8 29. Bxf6 h5 30. Bh4 Bh3 31. g3 Bf5 32. Rxd5 Bxc2 33.
Rxh5 f5 34. Rg5 Rf8 35. Nf3 f4 36. Nd4 fxg3 37. Bxg3 Ba4 38. Rg7 Rh8 39. Rxc7+
Kd8 40. Rxa7 Bd7 41. Ra8+ Bc8 42. c6 Rh1+ 43. Kg2 Rxe1 44. Bh4+ Kc7 45. Bg3+
Kd8 46. c7+ Kd7 47. Nb3 Bb7+ 48. Kh2 Rh1# 0-1

[Event "C.to Italiano U12 femminile"]
[Site "Cortina d'Ampezzo ITA"]
[Date "2002.07.07"]
[Round "8"]
[White "Scharrer, Isabel"]
[Black "Tarantino, Isabella"]
[Result "0-1"]
[WhiteElo "1462"]
[BlackElo "1600"]
[PlyCount "66"]
[EventDate "2002.07.02"]

1. d4 d5 2. Nf3 Nc6 3. c4 Nf6 4. Bg5 Bg4 5. Bxf6 exf6 6. e3 Bb4+ 7. Nc3 O-O 8.
a3 Bxc3+ 9. bxc3 Re8 10. Rb1 b6 11. Bd3 Na5 12. Rb4 c5 13. Rb2 Nxc4 14. Bxc4
dxc4 15. h3 Bxf3 16. Qxf3 cxd4 17. cxd4 Qxd4 18. Qe2 Qc3+ 19. Qd2 Qxa3 20. Rc2
b5 21. Ra2 Qb3 22. Rc2 Rad8 23. Qc1 Qb4+ 24. Rd2 Rd3 25. Ke2 Red8 26. Rb2 Qa4
27. Qa1 Ra3 28. Qb1 c3 29. Rxb5 g5 30. Rb8 Rxb8 31. Qxb8+ Kg7 32. Rd1 Qc2+ 33.
Ke1 Ra2 0-1

[Event "C.to Italiano U12 femminile"]
[Site "Cortina d'Ampezzo ITA"]
[Date "2002.07.07"]
[Round "8"]
[White "Tonel, Giulia"]
[Black "Brunello, Roberta"]
[Result "0-1"]
[WhiteElo "1500"]
[BlackElo "1500"]
[PlyCount "166"]
[EventDate "2002.07.02"]

1. e4 e5 2. Nf3 Nc6 3. Bc4 Be7 4. c3 Nf6 5. Bb3 O-O 6. d3 d6 7. Nbd2 Bg4 8. O-O
Qd7 9. Re1 d5 10. Qe2 Rad8 11. Nf1 dxe4 12. dxe4 Qd3 13. Bc4 Qxe2 14. Bxe2 Bxf3
15. Bxf3 Rd7 16. Be3 Rfd8 17. Ng3 h6 18. Nf5 Nh7 19. Nxe7+ Nxe7 20. Rad1 Nf6
21. Rxd7 Rxd7 22. g3 Rd6 23. Bg2 Nc6 24. f3 Rd3 25. Bf1 Rd6 26. Be2 b6 27. Rd1
Na5 28. Rxd6 cxd6 29. Kf1 Kf8 30. Ke1 Ke7 31. Bb5 Nd7 32. Kd2 Kd8 33. b4 Nb7
34. Bc6 Kc7 35. Bd5 f6 36. f4 Nd8 37. Ke2 Nc6 38. Kf3 Ne7 39. Bf7 Kc6 40. Bb3
a6 41. a4 d5 42. exd5+ Nxd5 43. Bd2 Kd6 44. Ke4 Ne7 45. Bc4 f5+ 46. Ke3 Nd5+
47. Ke2 a5 48. bxa5 bxa5 49. Bb3 Nc5 50. Bc2 e4 51. c4 Nb4 52. Bb3 Ncd3 53. Ke3
Kc5 54. h3 g6 55. g4 Nb2 56. Bc3 Nxc4+ 57. Ke2 Nc6 58. Bd1 Nd4+ 59. Bxd4+ Kxd4
60. Bb3 Kc3 61. Ba2 Kb4 62. Ke1 Nd6 63. Bg8 Kxa4 64. Bh7 Kb4 65. Bxg6 a4 66.
gxf5 a3 67. f6 a2 68. f7 a1=Q+ 69. Ke2 Qa2+ 70. Ke3 Nxf7 71. Bxf7 Qxf7 72. Kxe4
Qe6+ 73. Kf3 Qf5 74. h4 Kc4 75. Kg3 h5 76. Kf3 Kd3 77. Kg3 Qg4+ 78. Kf2 Qh3 79.
Kg1 Qe3+ 80. Kg2 Ke4 81. Kf1 Qd2 82. Kg1 Kf3 83. Kh1 Qg2# 0-1

[Event "C.to Italiano U14"]
[Site "Cortina d'Ampezzo ITA"]
[Date "2002.07.02"]
[Round "1"]
[White "Alborno, Paolo"]
[Black "Vocaturo, Daniele"]
[Result "0-1"]
[WhiteElo "1485"]
[BlackElo "2101"]
[PlyCount "74"]
[EventDate "2002.07.02"]

1. e4 c5 2. Nf3 d6 3. h3 Nf6 4. Bc4 e6 5. Nc3 a6 6. O-O b5 7. Be2 b4 8. Nb1
Nxe4 9. d3 Nf6 10. Nh2 Bb7 11. Bf3 Qc7 12. Be3 Nbd7 13. Bxb7 Qxb7 14. Ng4 Be7
15. Nd2 O-O 16. c3 Nd5 17. Qf3 Qc7 18. c4 N5f6 19. Ne4 Nxg4 20. hxg4 Ne5 21.
Qe2 Qc6 22. Bf4 Ng6 23. Qf3 Rac8 24. Rfe1 f5 25. gxf5 exf5 26. Nd2 Qxf3 27.
Nxf3 Nxf4 28. Rxe7 Rf7 29. Re3 h6 30. Rae1 Kf8 31. Kh2 Rd7 32. g3 Ng6 33. b3
Kf7 34. d4 Re7 35. dxc5 Rxc5 36. Nd4 Rce5 37. Nxf5 Rxf5 0-1

[Event "C.to Italiano U14"]
[Site "Cortina d'Ampezzo ITA"]
[Date "2002.07.02"]
[Round "1"]
[White "Messina, Elia"]
[Black "Ricchi, Luca"]
[Result "1-0"]
[WhiteElo "2147"]
[BlackElo "1488"]
[PlyCount "49"]
[EventDate "2002.07.02"]

1. e4 e5 2. Nf3 Nc6 3. Bc4 Bc5 4. c3 Nf6 5. d4 exd4 6. e5 Ng4 7. Bxf7+ Kf8 8.
Bh5 d6 9. Bg5 Ne7 10. h3 Nxf2 11. Kxf2 dxc3+ 12. Kg3 cxb2 13. Qb3 g6 14. Qxb2
dxe5 15. Bh6+ Kg8 16. Bg4 Qd6 17. Nc3 Nf5+ 18. Bxf5 gxf5 19. Qb3+ Be6 20. Qxb7
Rc8 21. Rhd1 Qe7 22. Kh2 Bb6 23. Nd5 Qf7 24. Nxe5 Bxd5 25. Qxc8+ 1-0

[Event "C.to Italiano U14"]
[Site "Cortina d'Ampezzo ITA"]
[Date "2002.07.02"]
[Round "1"]
[White "Rombaldoni, Denis"]
[Black "Carlini, Francesco"]
[Result "1-0"]
[WhiteElo "1903"]
[BlackElo "1458"]
[PlyCount "111"]
[EventDate "2002.07.02"]

1. d4 d5 2. Nf3 Nf6 3. e3 Bf5 4. Bd3 Bxd3 5. Qxd3 a6 6. O-O e6 7. Nbd2 Nc6 8.
c3 Bd6 9. e4 dxe4 10. Nxe4 Nxe4 11. Qxe4 O-O 12. Ng5 g6 13. Qh4 h5 14. g4 Qf6
15. gxh5 gxh5 16. Qxh5 Qg6 17. Qxg6+ fxg6 18. Nxe6 Rf5 19. Ng5 Be7 20. h4 Re8
21. Be3 Bxg5 22. Bxg5 Re2 23. Rab1 Na5 24. f4 Nc4 25. Rfe1 Rxb2 26. Rxb2 Nxb2
27. Rb1 Rb5 28. Re1 c6 29. Re5 Na4 30. c4 Rb4 31. d5 Rxc4 32. d6 Rd4 33. Re8+
Kf7 34. Re7+ Kf8 35. Bh6+ Kg8 36. d7 Nc5 37. Re8+ Kh7 38. d8=Q Rxd8 39. Rxd8
Kxh6 40. Rh8+ Kg7 41. Rb8 Kf6 42. Kg2 Nd3 43. Rxb7 Nxf4+ 44. Kf3 Ke5 45. Rb6
Ne6 46. Rxa6 c5 47. a4 c4 48. Rxe6+ Kxe6 49. Ke4 c3 50. Kd3 c2 51. Kxc2 Kd5 52.
Kd3 Kc5 53. Ke4 Kb4 54. Ke5 Kxa4 55. Kf6 Kb5 56. Kxg6 1-0

[Event "C.to Italiano U14"]
[Site "Cortina d'Ampezzo ITA"]
[Date "2002.07.02"]
[Round "1"]
[White "Ronchetti, Niccolo'"]
[Black "Sini, Leonardo"]
[Result "1-0"]
[WhiteElo "2117"]
[BlackElo "1482"]
[PlyCount "53"]
[EventDate "2002.07.02"]

1. e4 e5 2. Nf3 Nc6 3. Bb5 a6 4. Ba4 Nf6 5. O-O Bc5 6. c3 O-O 7. d4 exd4 8.
cxd4 Bb4 9. a3 Ba5 10. e5 Ne8 11. d5 Ne7 12. b4 Bb6 13. d6 Ng6 14. Bb2 f6 15.
exf6 Nxf6 16. Bb3+ Kh8 17. Ng5 a5 18. Nf7+ Rxf7 19. Bxf7 Qf8 20. Bxg6 hxg6 21.
Nc3 cxd6 22. Nd5 Nxd5 23. Qxd5 Bc7 24. Rac1 Bd8 25. Rc3 Bh4 26. Rh3 Qe7 27. g3
1-0

[Event "C.to Italiano U14"]
[Site "Cortina d'Ampezzo ITA"]
[Date "2002.07.02"]
[Round "1"]
[White "Spina, Giovanni"]
[Black "Brunello, Sabino"]
[Result "0-1"]
[WhiteElo "1470"]
[BlackElo "1957"]
[PlyCount "68"]
[EventDate "2002.07.02"]

1. e4 e5 2. Nf3 Nc6 3. Nc3 Be7 4. Bc4 Nf6 5. d4 exd4 6. Nxd4 O-O 7. O-O d6 8.
h3 h6 9. a3 Bd7 10. Nxc6 Bxc6 11. Re1 Nd7 12. Bd5 Bf6 13. Bxc6 bxc6 14. Qd2 Re8
15. b3 Nc5 16. Ra2 d5 17. b4 Nxe4 18. Nxe4 Rxe4 19. Rxe4 dxe4 20. Qxd8+ Rxd8
21. Be3 Rd1+ 22. Kh2 Be5+ 23. g3 a6 24. c4 g5 25. Kg2 f5 26. f4 exf3+ 27. Kxf3
Rd3 28. Ke2 Rc3 29. c5 Bxg3 30. a4 Rb3 31. Kf3 f4 32. Re2 Bh4 33. b5 cxb5 34.
axb5 axb5 0-1

[Event "C.to Italiano U14"]
[Site "Cortina d'Ampezzo ITA"]
[Date "2002.07.03"]
[Round "2"]
[White "Brunello, Sabino"]
[Black "Cimbaro, Stefano"]
[Result "1-0"]
[WhiteElo "1957"]
[BlackElo "1579"]
[PlyCount "47"]
[EventDate "2002.07.02"]

1. e4 c5 2. d4 cxd4 3. c3 dxc3 4. Nxc3 Nc6 5. Nf3 d6 6. Bc4 Nf6 7. h3 Qc7 8.
O-O e6 9. Qe2 e5 10. Be3 Be6 11. Rac1 Be7 12. Rfd1 O-O 13. Bb5 a6 14. Bc4 b5
15. Bd5 Bxd5 16. Nxd5 Qb7 17. Rxc6 Rac8 18. Rb6 Qd7 19. Rxa6 Ra8 20. Rxa8 Rxa8
21. Nb6 Qb7 22. Nxa8 Qxa8 23. Qxb5 Nxe4 24. a4 1-0

[Event "C.to Italiano U14"]
[Site "Cortina d'Ampezzo ITA"]
[Date "2002.07.03"]
[Round "2"]
[White "Navarro, Tommaso"]
[Black "Ronchetti, Niccolo'"]
[Result "0-1"]
[WhiteElo "1567"]
[BlackElo "2117"]
[PlyCount "116"]
[EventDate "2002.07.02"]

1. e4 c5 2. Nf3 Nc6 3. d4 cxd4 4. Nxd4 Nf6 5. Nc3 e5 6. Nf3 Bb4 7. Nd2 Qa5 8.
Nb5 a6 9. c3 axb5 10. cxb4 Nxb4 11. Be2 O-O 12. O-O d5 13. exd5 Nbxd5 14. Nf3
Re8 15. Bg5 Bd7 16. Qb3 Bc6 17. Bxf6 Nxf6 18. Ng5 Re7 19. Bf3 e4 20. Rfe1 Bd5
21. Qc3 Qxc3 22. bxc3 h6 23. Nh3 Rc7 24. Be2 Rxc3 25. Bxb5 Rxa2 26. Rxa2 Bxa2
27. Nf4 Bc4 28. Ne2 Bxe2 29. Bxe2 Kf8 30. Rb1 Rc7 31. Kf1 Ke7 32. Ke1 Nd5 33.
Kd2 Kd6 34. g3 Nc3 35. Rb4 Nxe2 36. Kxe2 Re7 37. Ke3 Kc5 38. Rb1 b5 39. Rc1+
Kb6 40. Kd4 b4 41. Re1 Kb5 42. Rc1 Rd7+ 43. Kxe4 b3 44. Rb1 Kc4 45. f4 Re7+ 46.
Kf5 Kc3 47. g4 Kc2 48. Rg1 b2 49. g5 hxg5 50. fxg5 b1=Q 51. Rxb1 Kxb1 52. h4
g6+ 53. Kf6 Ra7 54. Kg7 Kc2 55. Kh6 Kd3 56. h5 gxh5 57. Kxh5 Ke4 58. Kg4 Ra1
0-1

[Event "C.to Italiano U14"]
[Site "Cortina d'Ampezzo ITA"]
[Date "2002.07.03"]
[Round "2"]
[White "Rabaglino, Lorenzo"]
[Black "Rombaldoni, Denis"]
[Result "0-1"]
[WhiteElo "1543"]
[BlackElo "1903"]
[PlyCount "60"]
[EventDate "2002.07.02"]

1. d4 d5 2. c4 e6 3. Nc3 Be7 4. Nf3 Nf6 5. Bg5 Nbd7 6. e3 O-O 7. Bd3 c5 8. cxd5
Nxd5 9. Bxe7 Nxe7 10. O-O b6 11. Rc1 Bb7 12. Qe2 Ng6 13. dxc5 Nxc5 14. Bb1 Ba6
15. Qd1 Bxf1 16. Qxf1 Nh4 17. Nxh4 Qxh4 18. Qe2 Rac8 19. Rd1 Rfd8 20. Rxd8+
Qxd8 21. h3 Qd7 22. Kh1 Na4 23. Bxh7+ Kxh7 24. Qc2+ g6 25. Qxa4 Qxa4 26. Nxa4
Rc2 27. Kg1 b5 28. Nc3 Rxb2 29. Kf1 b4 30. Ne2 Rb1+ 0-1

[Event "C.to Italiano U14"]
[Site "Cortina d'Ampezzo ITA"]
[Date "2002.07.03"]
[Round "2"]
[White "Simonini, Roberto"]
[Black "Lettieri, Giuseppe"]
[Result "1-0"]
[WhiteElo "1516"]
[BlackElo "1711"]
[PlyCount "84"]
[EventDate "2002.07.02"]

1. e4 c5 2. Nc3 d6 3. g3 Nf6 4. Bg2 Nc6 5. d3 g6 6. h3 Bg7 7. Be3 a6 8. Nge2
Qc7 9. O-O O-O 10. Qd2 Re8 11. f4 e6 12. g4 b5 13. Ng3 Bb7 14. Nce2 Rad8 15. f5
Nd7 16. Bg5 f6 17. Bh6 Nf8 18. fxg6 hxg6 19. Bxg7 Qxg7 20. Qf4 Nh7 21. a3 e5
22. Qf2 Nd4 23. c3 Nxe2+ 24. Nxe2 Rc8 25. c4 Rc7 26. Nc3 b4 27. axb4 cxb4 28.
Nd5 Bxd5 29. exd5 Ra8 30. Qb6 Qd7 31. Rxa6 Rxa6 32. Qxa6 Ra7 33. Qc6 Qxc6 34.
dxc6 Kf7 35. Kf2 Ke7 36. Ke3 Ra2 37. Rf2 Ra7 38. d4 Nf8 39. d5 g5 40. Be4 Kf7
41. Kd3 Nd7 42. cxd7 Rxd7 1-0

[Event "C.to Italiano U14"]
[Site "Cortina d'Ampezzo ITA"]
[Date "2002.07.03"]
[Round "2"]
[White "Somvi, Julian"]
[Black "Messina, Elia"]
[Result "0-1"]
[WhiteElo "1567"]
[BlackElo "2147"]
[PlyCount "96"]
[EventDate "2002.07.02"]

1. e4 e5 2. Nf3 Nf6 3. Nc3 Bc5 4. Bc4 Nc6 5. d3 h6 6. O-O O-O 7. h3 d6 8. Be3
Bb6 9. Qe2 Be6 10. Bb3 Qd7 11. Rad1 Rfe8 12. d4 exd4 13. Bxd4 Bxd4 14. Nxd4
Bxb3 15. axb3 Nxd4 16. Rxd4 Re7 17. Rfd1 Rae8 18. f3 a6 19. Qf2 Re5 20. Nd5
Nxd5 21. Rxd5 Qc6 22. R1d3 R5e6 23. Rc3 Qd7 24. Rcd3 Rg6 25. Rf5 c6 26. Rh5 Qe6
27. Rh4 Qf6 28. c4 Re5 29. Rg4 Rxg4 30. hxg4 Ra5 31. Rd1 Ra2 32. Rb1 c5 33. g3
b5 34. Kg2 bxc4 35. bxc4 a5 36. f4 a4 37. e5 dxe5 38. Qxc5 exf4 39. Qc8+ Kh7
40. Qf5+ Qxf5 41. gxf5 a3 42. Kf3 fxg3 43. b4 Rb2 44. Ra1 Rxb4 45. Rxa3 Rxc4
46. Kxg3 h5 47. Ra7 f6 48. Ra5 Kh6 0-1

[Event "C.to Italiano U14"]
[Site "Cortina d'Ampezzo ITA"]
[Date "2002.07.03"]
[Round "2"]
[White "Vocaturo, Daniele"]
[Black "Danieli, Riccardo"]
[Result "1-0"]
[WhiteElo "2101"]
[BlackElo "1582"]
[PlyCount "117"]
[EventDate "2002.07.02"]

1. e4 e5 2. Nf3 Nc6 3. Bb5 Nf6 4. O-O d6 5. Re1 Be7 6. c3 O-O 7. h3 h6 8. d4
exd4 9. cxd4 a6 10. Ba4 b5 11. Bb3 Nd7 12. Nc3 Bb7 13. a3 Re8 14. Bf4 Bf6 15.
Rc1 Na5 16. Ba2 Nc4 17. Bxc4 bxc4 18. Qc2 Bc6 19. d5 Bb7 20. Na4 Ne5 21. Bxe5
Bxe5 22. Nxe5 Rxe5 23. Qxc4 Qe7 24. Qxc7 Qxc7 25. Rxc7 Bxd5 26. Nb6 Rae8 27. f3
Bb3 28. Nc4 Bxc4 29. Rxc4 d5 30. Ra4 R8e6 31. Ra5 f5 32. f4 Rxe4 33. Rxe4 dxe4
34. Rxf5 e3 35. Re5 Rxe5 36. fxe5 Kf7 37. Kf1 Ke6 38. Ke2 Kxe5 39. Kxe3 g6 40.
g3 a5 41. g4 a4 42. h4 g5 43. h5 Kd5 44. Kd3 Ke5 45. b4 axb3 46. Kc3 Kf4 47. a4
Kxg4 48. a5 b2 49. Kxb2 Kh3 50. a6 g4 51. a7 g3 52. a8=Q g2 53. Qf3+ Kh2 54.
Qf2 Kh1 55. Qh4+ Kg1 56. Kc2 Kf1 57. Qf4+ Ke2 58. Qg3 Kf1 59. Qf3+ 1-0

[Event "C.to Italiano U14"]
[Site "Cortina d'Ampezzo ITA"]
[Date "2002.07.04"]
[Round "3"]
[White "Guareschi, Giorgio"]
[Black "Brunello, Sabino"]
[Result "0-1"]
[WhiteElo "1600"]
[BlackElo "1957"]
[PlyCount "74"]
[EventDate "2002.07.02"]

1. d4 d5 2. c4 e6 3. Nc3 Nf6 4. Bg5 Be7 5. Nf3 Nbd7 6. e3 O-O 7. Rc1 c6 8. Bd3
dxc4 9. Bxc4 Nd5 10. Bxe7 Qxe7 11. Bxd5 exd5 12. O-O Nf6 13. h3 Bf5 14. Nh4 Bg6
15. Nxg6 hxg6 16. a3 g5 17. Qf3 g6 18. Rfe1 Rae8 19. Rc2 Kg7 20. Na4 Rh8 21.
Nc5 Rh4 22. Qg3 Nh5 23. Qf3 Rh8 24. Kf1 Nf6 25. Rcc1 g4 26. hxg4 Nxg4 27. Ke2
Nf6 28. g3 Rxd4 29. b4 Rc4 30. Ra1 b6 31. Nb3 Ne4 32. Rac1 Rh2 33. Rf1 Rxc1 34.
Nxc1 Qe5 35. Rd1 Rxf2+ 36. Qxf2 Qb2+ 37. Kd3 Nxf2# 0-1

[Event "C.to Italiano U14"]
[Site "Cortina d'Ampezzo ITA"]
[Date "2002.07.04"]
[Round "3"]
[White "Messina, Elia"]
[Black "Simonini, Roberto"]
[Result "1-0"]
[WhiteElo "2147"]
[BlackElo "1516"]
[PlyCount "91"]
[EventDate "2002.07.02"]

1. e4 e5 2. Nf3 Nf6 3. Bc4 Nxe4 4. Nxe5 d5 5. Be2 Qg5 6. Ng4 Bxg4 7. Bxg4 Qf6
8. O-O Bc5 9. Bf3 O-O 10. d3 Nxf2 11. Rxf2 Bxf2+ 12. Kxf2 Re8 13. g3 Nd7 14.
Nc3 c6 15. d4 Nf8 16. Bf4 Ne6 17. Be5 Qe7 18. Qd3 f6 19. Bf4 Nxf4 20. gxf4 Qd6
21. Qd2 Re7 22. Rg1 Rae8 23. Nd1 Qd7 24. Bg4 Qd6 25. Bf3 Qd7 26. Kg2 Qf5 27.
Kh1 Qh3 28. Qd3 Qh6 29. Qd2 Qh3 30. Qf2 Qf5 31. Nc3 Qd7 32. Qh4 Qd6 33. Bh5 Rd8
34. Ne2 g6 35. Ng3 Kf8 36. Bf3 Ke8 37. Bg4 h5 38. Bh3 Rf7 39. f5 g5 40. Qxh5
Qf8 41. Re1+ Kd7 42. Re6 Re8 43. Qg6 Ree7 44. Nh5 Qh8 45. Nxf6+ Kd8 46. Qg8+
1-0

[Event "C.to Italiano U14"]
[Site "Cortina d'Ampezzo ITA"]
[Date "2002.07.04"]
[Round "3"]
[White "Musiani, Carlo"]
[Black "Vocaturo, Daniele"]
[Result "0-1"]
[WhiteElo "1609"]
[BlackElo "2101"]
[PlyCount "70"]
[EventDate "2002.07.02"]

1. b4 e5 2. Bb2 Bxb4 3. Bxe5 Nf6 4. c3 Ba5 5. e3 O-O 6. Nf3 Re8 7. Be2 Nc6 8.
Bg3 d5 9. O-O Ne4 10. Qc2 Bf5 11. Bd3 h6 12. Ne1 Qf6 13. f3 Nxg3 14. hxg3 Bxd3
15. Qxd3 Qg5 16. Kf2 Ne5 17. Qe2 Bb6 18. Nd3 Nc4 19. Nf4 Nxe3 20. dxe3 Rxe3 21.
Qxe3 Bxe3+ 22. Kxe3 Qxg3 23. Nd3 Re8+ 24. Kd2 c5 25. Kc1 c4 26. Nb4 Qxg2 27.
Nd2 d4 28. Kc2 dxc3 29. Kxc3 Re3+ 30. Kc2 c3 31. Rfd1 cxd2 32. Rxd2 Qg6+ 33.
Nd3 Qc6+ 34. Kb2 Qb5+ 35. Kc2 Qc4+ 0-1

[Event "C.to Italiano U14"]
[Site "Cortina d'Ampezzo ITA"]
[Date "2002.07.04"]
[Round "3"]
[White "Rombaldoni, Denis"]
[Black "Rostolis, Riccardo"]
[Result "1-0"]
[WhiteElo "1903"]
[BlackElo "1443"]
[PlyCount "47"]
[EventDate "2002.07.02"]

1. d4 Nf6 2. Nf3 d5 3. e3 Bg4 4. Nbd2 Ne4 5. Be2 Nxd2 6. Bxd2 e6 7. Ne5 Bxe2 8.
Qxe2 Bd6 9. f4 Bxe5 10. fxe5 Qh4+ 11. g3 Qe4 12. O-O-O O-O 13. Rdf1 Nd7 14. h4
h6 15. g4 Qg6 16. h5 Qe4 17. Rhg1 Nb6 18. Rf4 Qh7 19. g5 hxg5 20. Rxg5 Nc4 21.
Rfg4 Kh8 22. Rxg7 Qxh5 23. R7g5 Qh1+ 24. Rg1 1-0

[Event "C.to Italiano U14"]
[Site "Cortina d'Ampezzo ITA"]
[Date "2002.07.04"]
[Round "3"]
[White "Ronchetti, Niccolo'"]
[Black "Bedin, Alberto"]
[Result "1-0"]
[WhiteElo "2117"]
[BlackElo "1600"]
[PlyCount "55"]
[EventDate "2002.07.02"]

1. e4 c5 2. Nf3 Nc6 3. d4 cxd4 4. Nxd4 g6 5. c4 Bg7 6. Be3 a6 7. Nc3 e6 8. Qd2
Nge7 9. Nb3 O-O 10. c5 Re8 11. Rd1 Qc7 12. f4 f6 13. Qd6 Qb8 14. Bc4 Bf8 15.
O-O Kf7 16. Qd2 Ng8 17. Na4 Rd8 18. Nb6 Ra7 19. Qe2 Qc7 20. Rd2 Bg7 21. Rfd1
Ke8 22. f5 Ke7 23. fxe6 dxe6 24. Rd6 Kf8 25. Nxc8 Qxc8 26. Bxe6 Qc7 27. Bf4 Qe7
28. Rxd8+ 1-0

[Event "C.to Italiano U14"]
[Site "Cortina d'Ampezzo ITA"]
[Date "2002.07.04"]
[Round "4"]
[White "Brunello, Sabino"]
[Black "Gasparroni, Daniele"]
[Result "1-0"]
[WhiteElo "1957"]
[BlackElo "1654"]
[PlyCount "87"]
[EventDate "2002.07.02"]

1. e4 c5 2. d4 cxd4 3. c3 Nf6 4. e5 Nd5 5. Nf3 e6 6. cxd4 d6 7. a3 Bd7 8. Bd3
Bc6 9. O-O Be7 10. b4 a6 11. Bd2 O-O 12. Qe2 Qd7 13. Ng5 Bxg5 14. Bxg5 h6 15.
Bd2 b5 16. Nc3 Nxc3 17. Bxc3 Bb7 18. Rac1 Rd8 19. Rfd1 Nc6 20. Qe4 g6 21. Qh4
h5 22. f3 d5 23. Bd2 Rdc8 24. Bg5 Qe8 25. Bf6 Qf8 26. Qg5 Kh7 27. Qxh5+ Qh6 28.
Qxh6+ Kxh6 29. Bf1 Kh7 30. f4 Kg8 31. h4 Kf8 32. g4 Ne7 33. Bd3 Ng8 34. Bg5 Kg7
35. Kf2 Rxc1 36. Rxc1 Rc8 37. Ra1 Bc6 38. Ke3 Be8 39. Kd2 Rc7 40. Rg1 Kh7 41.
h5 Rb7 42. f5 exf5 43. gxf5 Rb6 44. f6 1-0

[Event "C.to Italiano U14"]
[Site "Cortina d'Ampezzo ITA"]
[Date "2002.07.04"]
[Round "4"]
[White "De Rosa, Mariagrazia"]
[Black "Ronchetti, Niccolo'"]
[Result "0-1"]
[WhiteElo "1711"]
[BlackElo "2117"]
[PlyCount "76"]
[EventDate "2002.07.02"]

1. e4 c5 2. Nf3 Nc6 3. d4 cxd4 4. Nxd4 Nf6 5. Nc3 e5 6. Ndb5 d6 7. Bg5 a6 8.
Na3 b5 9. Nd5 Be7 10. Bxf6 Bxf6 11. c3 O-O 12. Nc2 Bg5 13. a4 bxa4 14. Rxa4 a5
15. Bc4 Rb8 16. b3 Kh8 17. h4 Bh6 18. g4 Bf4 19. Qf3 Be6 20. Qg2 Qd7 21. g5
Rfc8 22. h5 Qd8 23. Nxf4 exf4 24. g6 Bxc4 25. Rxc4 Ne5 26. Nd4 Nxc4 27. h6 fxg6
28. hxg7+ Kg8 29. Rxh7 Kxh7 30. Qh3+ Kg8 31. Ne6 Qf6 32. Qh8+ Kf7 33. Qh7 Kxe6
34. Qh3+ Ke7 35. Qh7 Rg8 36. bxc4 Qxc3+ 37. Kf1 Rb1+ 38. Kg2 f3+ 0-1

[Event "C.to Italiano U14"]
[Site "Cortina d'Ampezzo ITA"]
[Date "2002.07.04"]
[Round "4"]
[White "Salemi, Pietro"]
[Black "Rombaldoni, Denis"]
[Result "0-1"]
[WhiteElo "1591"]
[BlackElo "1903"]
[PlyCount "48"]
[EventDate "2002.07.02"]

1. e4 c6 2. d4 d5 3. exd5 cxd5 4. Bd3 Nf6 5. Nc3 Bg4 6. Be2 Bxe2 7. Qxe2 a6 8.
Nf3 Nc6 9. Bf4 Qb6 10. O-O-O e6 11. Rd3 Nb4 12. Rdd1 Be7 13. a3 Nc6 14. Qd3 Na5
15. Ne5 Nd7 16. Nxd7 Kxd7 17. b4 Nc4 18. Na4 Qb5 19. Nb2 a5 20. a4 Qxb4 21.
Nxc4 dxc4 22. Qf3 c3 23. Rdf1 Rhd8 24. Be3 Ke8 0-1

[Event "C.to Italiano U14"]
[Site "Cortina d'Ampezzo ITA"]
[Date "2002.07.04"]
[Round "4"]
[White "Todarello, Giovanni"]
[Black "Messina, Elia"]
[Result "0-1"]
[WhiteElo "1725"]
[BlackElo "2147"]
[PlyCount "42"]
[EventDate "2002.07.02"]

1. e4 e5 2. Nf3 Nf6 3. d4 exd4 4. e5 Ne4 5. Qxd4 d5 6. exd6 Nxd6 7. Nc3 Nc6 8.
Qf4 Be7 9. Bd3 O-O 10. Be3 Bf6 11. O-O Be6 12. a3 Ne7 13. Nd4 Qd7 14. Rfe1 Bf5
15. Bxf5 Nexf5 16. Qg4 Rad8 17. Nd5 Be5 18. Nxf5 Nxf5 19. Qxf5 Qxd5 20. Rad1
Qxd1 21. Kf1 Qd5 0-1